• 首页
  • 本馆介绍
  • 公告通知
  • 最新文献
  • 馆藏检索
  • 电子资源
  • 读者导购
  • 参考咨询
  • 我的图书馆
  • 登录
  • 详细信息显示
  • 放入我的书架
  • 预约/预借图书
  • 作者相关作品
  • 分类相关作品
  • 丛书相关作品
  • 出版社相关作品

书目信息

  • 表格格式
  • 工作单格式
  • 卡片格式
题名:
鲁迅作品教学问答
    
 
作者: 秦亢宗 著
分册:  
出版信息: 成都   四川人民出版社  1979
页数: 278页
开本: 19cm
丛书名:
单 册:
中图分类: G633.3 , I210.97 , G633.3-44
科图分类:
主题词: 鲁迅著作--中学--教学参考资料
电子资源:
ISBN:
000 00666nam0 2200253 45
001 0179001942
005 20040505105518.4
010    @dCNY0.58
091    @a10118.181
100    @a19950718d1979 em y0chiy0121 ea
101 0  @achi
102    @aCN@b510000
105    @ay z 000zy
106    @ar
200 10 @a鲁迅作品教学问答@Alu xun zuo pin jiao xue wen da@f秦亢宗编著
210    @a成都@c四川人民出版社@d1979
215    @a278页@d19cm
606    @a鲁迅著作@x中学@x教学参考资料
690    @aG633.3@v3
690    @aI210.97@v3
690    @aG633.3-44
701  0 @a秦亢宗@Aqin kang zong@4著
801  0 @aCN@bNLC@c20040505
905    @f1@b179468@dG633.3-44@e142
    
    鲁迅作品教学问答/秦亢宗编著.-成都:四川人民出版社,1979
    278页;19cm
    
    
    ISBN :CNY0.58
    
●
相关链接 在E读中查询图书 在五车中查询图书 在当当中查询图书 在豆瓣中查询图书


正题名:鲁迅作品教学问答     索取号:G633.3-44/142         预约/预借

序号 登录号 条形码 馆藏地/架位号 状态 备注
1 0178415   000238246   第一样本阅览室/ [索取号:G633.3-44/142] 在馆    
2 0179468   000238326   密集书库/ [索取号:G633.3-44/142] 在馆    
唐山师范学院图书馆 欢迎您!
大连网信软件有限公司© 版权所有